[Event "Memorial Alfeo Gigli A"]
[Site "Pianoro ITA"]
[Date "2011.11.26"]
[Round "3"]
[White "Voiska, Margarita"]
[Black "Di Trapani, Davide"]
[Result "1-0"]
[WhiteElo "2328"]
[BlackElo "2056"]
[PlyCount "120"]
[EventDate "2011.11.25"]

1. d4 d5 2. Nf3 Nf6 3. e3 c5 4. b3 Nc6 5. Bb2 Bg4 6. Be2 e6 7. O-O Be7 8. h3
Bh5 9. c4 O-O 10. Nbd2 Rc8 11. a3 b6 12. Rc1 h6 13. cxd5 exd5 14. dxc5 bxc5 15.
Nh4 Bxe2 16. Qxe2 Re8 17. Nf5 Bf8 18. Rfd1 d4 19. Nc4 g6 20. Ng3 Qe7 21. Qf3
Bg7 22. exd4 Nxd4 23. Bxd4 cxd4 24. Rxd4 Nd7 25. Rdd1 Ne5 26. Nxe5 Bxe5 27. b4
Qg5 28. Rxc8 Rxc8 29. Ne4 Qe7 30. Nc5 Qf6 31. Qxf6 Bxf6 32. Rd5 Bb2 33. Rd3 a5
34. Kf1 axb4 35. axb4 Rb8 36. Rb3 Bd4 37. Nd3 Kf8 38. Ke2 Ke7 39. Ne1 Ke6 40.
Nc2 Bb6 41. Ne3 f5 42. Rc3 Bxe3 43. Rxe3+ Kd5 44. Rd3+ Ke4 45. Re3+ Kd5 46.
Rd3+ Ke4 47. Rb3 Rb5 48. Kd2 Kd4 49. Rd3+ Kc4 50. Rd6 g5 51. Rxh6 Rxb4 52. Rd6
Rb5 53. Ke2 Rb2+ 54. Rd2 Rb3 55. f3 Rb5 56. Kf2 Rd5 57. Rxd5 Kxd5 58. f4 gxf4
59. Kf3 Ke5 60. h4 Kf6 1-0

[Event "Memorial Alfeo Gigli A"]
[Site "Pianoro ITA"]
[Date "2011.11.27"]
[Round "4"]
[White "Baldazzi, Stefano"]
[Black "Maurizio, Antonio"]
[Result "1/2-1/2"]
[WhiteElo "2173"]
[BlackElo "2018"]
[PlyCount "91"]
[EventDate "2011.11.25"]

1. c4 e6 2. Nf3 d5 3. g3 Nf6 4. Bg2 Be7 5. O-O O-O 6. b3 c5 7. e3 Nc6 8. Bb2
Re8 9. Re1 a6 10. d4 cxd4 11. exd4 b5 12. c5 Nd7 13. a3 Bb7 14. Nc3 b4 15. axb4
Nxb4 16. Ba3 Nc6 17. b4 Na7 18. Bf1 Qc8 19. Bc1 Nb8 20. Bf4 Bc6 21. Qb3 Qb7 22.
Qa3 Nb5 23. Nxb5 Bxb5 24. Bxb5 Qxb5 25. Qa4 Nc6 26. Qxb5 axb5 27. Bd2 Bf6 28.
Bc3 Kf8 29. Kf1 Ke7 30. Ke2 Kd7 31. Kd3 Kc7 32. Nd2 Kb7 33. f4 Rxa1 34. Rxa1
Ra8 35. Rxa8 Kxa8 36. g4 Kb7 37. Nf3 Kc8 38. h4 Kd7 39. Bd2 Bd8 40. Ke3 Be7 41.
h5 Bd8 42. Kd3 Be7 43. Kc3 Bd8 44. Be1 f6 45. Bh4 Ke8 46. Bf2 1/2-1/2

[Event "Memorial Alfeo Gigli A"]
[Site "Pianoro ITA"]
[Date "2011.11.27"]
[Round "4"]
[White "Bonade', Massimo"]
[Black "Dobboletta, Alex"]
[Result "1/2-1/2"]
[WhiteElo "2074"]
[BlackElo "1939"]
[PlyCount "67"]
[EventDate "2011.11.25"]

1. d4 Nf6 2. c4 g6 3. Nc3 Bg7 4. e4 d6 5. Nf3 O-O 6. Be2 e5 7. Be3 Ng4 8. Bg5
f6 9. Bh4 c6 10. c5 dxc5 11. Qb3+ Kh8 12. dxe5 Qe8 13. exf6 Nxf6 14. Nd2 b5 15.
Qc2 Ba6 16. Ncb1 Bb7 17. O-O Nbd7 18. f4 Nd5 19. exd5 Qxe2 20. Nc3 Qe3+ 21. Kh1
Rxf4 22. Rfe1 Qd4 23. Nb3 Qc4 24. Bg3 b4 25. Na5 Qa6 26. Bxf4 bxc3 27. Nxb7
cxb2 28. Rab1 Qxb7 29. d6 Rf8 30. Bg3 Qa6 31. a4 Nb6 32. h3 Nxa4 33. d7 Nb6 34.
Bd6 1/2-1/2

[Event "Memorial Alfeo Gigli A"]
[Site "Pianoro ITA"]
[Date "2011.11.27"]
[Round "4"]
[White "Bonetti, Carlo"]
[Black "Otte, Marijn Willem"]
[Result "0-1"]
[WhiteElo "1891"]
[BlackElo "2236"]
[PlyCount "88"]
[EventDate "2011.11.25"]

1. e4 c5 2. Nf3 d6 3. Bb5+ Bd7 4. c4 Nc6 5. d4 cxd4 6. Nxd4 Nf6 7. Nc3 a6 8.
Bxc6 bxc6 9. c5 e5 10. Nb3 Be6 11. O-O Be7 12. Bg5 d5 13. Qe1 d4 14. Na4 h6 15.
Bd2 g5 16. Ba5 Qb8 17. Nb6 Ra7 18. Qb4 O-O 19. Qa4 Nxe4 20. Qxc6 Nxc5 21. Nxc5
Rc7 22. Nxa6 Rxc6 23. Nxb8 Rxb8 24. Na4 Ra6 25. b4 Bxb4 26. Bxb4 Rxb4 27. Nc5
Rc6 28. Ne4 Ra4 29. h3 Rxa2 30. Rab1 Bf5 31. Rb8+ Rc8 32. Rxc8+ Bxc8 33. g4 Be6
34. Rb1 Ra5 35. Nf6+ Kg7 36. Ne8+ Kg6 37. Nc7 Bc4 38. Rb6+ Kh7 39. Ne8 Ra6 40.
Rb4 d3 41. Rb1 d2 42. Rd1 Re6 43. Nc7 Rd6 44. Ne8 Rd4 0-1

[Event "Memorial Alfeo Gigli A"]
[Site "Pianoro ITA"]
[Date "2011.11.27"]
[Round "4"]
[White "Cocuzzi, Edoardo"]
[Black "Gilevych, Artem"]
[Result "0-1"]
[WhiteElo "1947"]
[BlackElo "2270"]
[PlyCount "104"]
[EventDate "2011.11.25"]

1. e4 Nc6 2. d4 d5 3. e5 f6 4. f4 Bf5 5. c3 Qd7 6. Bd3 h5 7. Nf3 h4 8. h3 O-O-O
9. Qc2 Bxd3 10. Qxd3 e6 11. Be3 Nge7 12. Nbd2 Nf5 13. Bf2 Qf7 14. O-O-O Qg6 15.
Rdg1 Be7 16. g4 hxg3 17. Rxg3 Qf7 18. Rg4 Rh5 19. Nh4 Nxh4 20. Bxh4 fxe5 21.
Bxe7 e4 22. Qg3 Nxe7 23. Rxg7 Qe8 24. Qg4 Nf5 25. Rg6 Rh6 26. Rxh6 Nxh6 27. Qg5
Nf5 28. Nf1 Qa4 29. a3 Re8 30. Qg1 Qb5 31. Ne3 Nh4 32. Qf2 Nf3 33. Ng4 Rf8 34.
Qe3 Nh4 35. Qg3 Nf5 36. Qf2 Rh8 37. Ne3 Qd3 38. Nxf5 exf5 39. h4 c6 40. h5 Rh6
41. Qg1 Qf3 42. Qg8+ Kc7 43. Qg7+ Kb6 44. Qxh6 Qxh1+ 45. Kc2 Qg2+ 46. Kb3 Qe2
47. Qg5 Qc4+ 48. Kc2 Qd3+ 49. Kb3 e3 50. Qd8+ Ka6 51. Qe7 e2 52. Ka2 Qd1 0-1

[Event "Memorial Alfeo Gigli A"]
[Site "Pianoro ITA"]
[Date "2011.11.27"]
[Round "4"]
[White "Fagnani, Alessandro"]
[Black "Paoli, Walter"]
[Result "1/2-1/2"]
[WhiteElo "1950"]
[BlackElo "2055"]
[PlyCount "137"]
[EventDate "2011.11.25"]

1. e4 d5 2. exd5 Qxd5 3. Nc3 Qa5 4. d4 Nf6 5. Bd3 Bg4 6. Nge2 e6 7. Bd2 c6 8.
Ne4 Qc7 9. N4g3 Bxe2 10. Qxe2 Bd6 11. Nf5 Bf8 12. Qe5 Qxe5+ 13. dxe5 Nd5 14.
Nd6+ Bxd6 15. exd6 Nd7 16. c4 N5f6 17. Bc3 O-O 18. f3 Rfd8 19. O-O-O Ne8 20.
Bc2 Nb6 21. Bb3 c5 22. Be5 Rac8 23. a4 a5 24. Rd3 Nd7 25. Bg3 Nb8 26. Rhd1 Rd7
27. R3d2 Nc6 28. Bf2 b6 29. Bc2 Rcd8 30. Be4 Ne5 31. Bg3 Nxc4 32. Rd3 e5 33. b3
Ncxd6 34. Bc6 f6 35. Bxd7 Rxd7 36. Rd5 g5 37. h4 h6 38. hxg5 hxg5 39. Bf2 Kf7
40. Rh1 Ke6 41. Rd2 Nc7 42. Rhd1 Nce8 43. Rh1 Nc7 44. g3 Nd5 45. Re1 Nb4 46.
Be3 Nc6 47. Kb2 Rh7 48. Bg1 Nf5 49. Bh2 Ncd4 50. g4 Nh4 51. Rh1 Nhxf3 52. Rf2
f5 53. gxf5+ Kxf5 54. Rhf1 g4 55. Bg3 e4 56. Rh2 Rxh2+ 57. Bxh2 e3 58. Bg3 Ke4
59. Rh1 Nf5 60. Bc7 e2 61. Bxb6 e1=Q 62. Rxe1+ Nxe1 63. Bxa5 g3 64. Bxe1 g2 65.
Bf2 Ne3 66. Bg1 Nd5 67. a5 Nb4 68. Kc3 Kd5 69. Kd2 1/2-1/2

[Event "Memorial Alfeo Gigli A"]
[Site "Pianoro ITA"]
[Date "2011.11.27"]
[Round "4"]
[White "Malfagia, Andrea"]
[Black "Gaspari, Mauro"]
[Result "1-0"]
[WhiteElo "2261"]
[BlackElo "1959"]
[PlyCount "71"]
[EventDate "2011.11.25"]

1. d4 Nf6 2. c4 c5 3. d5 e6 4. Nc3 exd5 5. cxd5 d6 6. e4 g6 7. f3 Bg7 8. Bg5
O-O 9. Qd2 Re8 10. Nge2 Bd7 11. Ng3 Qa5 12. Be2 a6 13. O-O b5 14. Qf4 Qd8 15.
Qxd6 Qe7 16. Qxe7 Rxe7 17. a4 b4 18. Nd1 Be8 19. Ne3 Rd7 20. Nc4 Raa7 21. Rac1
Nxd5 22. exd5 Rxd5 23. Be3 Bxa4 24. Nb6 Re5 25. Bf4 Bb5 26. Bxe5 Bxe5 27. Rfd1
Nc6 28. Bxb5 axb5 29. Rxc5 Bd4+ 30. Rxd4 Nxd4 31. Rd5 Ra1+ 32. Kf2 Nc6 33. Rxb5
Rc1 34. Na4 Rc2+ 35. Kg1 Rc4 36. Rc5 1-0

[Event "Memorial Alfeo Gigli A"]
[Site "Pianoro ITA"]
[Date "2011.11.27"]
[Round "4"]
[White "Mascellani, Marco"]
[Black "Mrdja, Milan"]
[Result "1/2-1/2"]
[WhiteElo "2297"]
[BlackElo "2407"]
[PlyCount "115"]
[EventDate "2011.11.25"]

1. e4 c5 2. Nc3 Nc6 3. g3 g6 4. Bg2 Bg7 5. d3 d6 6. Be3 Rb8 7. Qd2 b5 8. a3 a5
9. Nge2 Nd4 10. O-O e6 11. Nd1 Nxe2+ 12. Qxe2 Ne7 13. Qd2 Nc6 14. Bh6 O-O 15.
Bxg7 Kxg7 16. Ne3 e5 17. f4 f6 18. Rf2 Rb7 19. Raf1 Rbf7 20. h4 Ne7 21. g4 exf4
22. Rxf4 Nc6 23. Qf2 Ne5 24. Qg3 b4 25. axb4 axb4 26. Rd1 h6 27. c3 bxc3 28.
bxc3 g5 29. Rf2 Ng6 30. h5 Nf4 31. Rxf4 gxf4 32. Qxf4 Qa5 33. c4 Rd8 34. Nf5+
Bxf5 35. Qxf5 Qa2 36. Qg6+ Kf8 37. Qxh6+ Ke7 38. Qf4 Qb2 39. Kh2 Ra8 40. Rd2
Qe5 41. Kg3 Ra3 42. Qxe5+ dxe5 43. Bf1 Kf8 44. Rb2 Rfa7 45. g5 fxg5 46. Kg4 Ra1
47. Bg2 R7a2 48. Rxa2 Rxa2 49. Bf3 Rf2 50. Bd1 Rd2 51. Ba4 Rxd3 52. Bc6 Kg7 53.
Kxg5 Rf3 54. Bd7 Rf6 55. Bc8 Rc6 56. Bb7 Rb6 57. Bd5 Rf6 58. Bb7 1/2-1/2

[Event "Memorial Alfeo Gigli A"]
[Site "Pianoro ITA"]
[Date "2011.11.27"]
[Round "4"]
[White "Messina, Marco"]
[Black "Vicari, Luigi"]
[Result "1-0"]
[WhiteElo "2052"]
[BlackElo "1930"]
[PlyCount "107"]
[EventDate "2011.11.25"]

1. e4 e5 2. f4 Qh4+ 3. g3 Qe7 4. f5 d5 5. d3 Nf6 6. Nc3 d4 7. Nce2 Qb4+ 8. c3
dxc3 9. Nxc3 Bd7 10. Nf3 Nc6 11. Nd2 Nd4 12. a3 Qb6 13. Nc4 Qc5 14. Bg5 b5 15.
Ne3 Bc6 16. Rc1 Qd6 17. Nc2 Rd8 18. Be3 Nb3 19. Rb1 Nc5 20. Bxc5 Qxc5 21. Qf3
a5 22. Ne3 b4 23. axb4 axb4 24. Ncd1 Bb5 25. Nf2 Qb6 26. Rc1 Bc5 27. Nc4 Bxf2+
28. Qxf2 Qxf2+ 29. Kxf2 Nd7 30. d4 exd4 31. Nd6+ cxd6 32. Bxb5 O-O 33. Rc4 b3
34. Rxd4 Nc5 35. Rhd1 Rb8 36. Bc6 Rfd8 37. Rxd6 Rxd6 38. Rxd6 Kf8 39. Ke3 Rb6
40. Rd8+ Ke7 41. Rc8 Kd6 42. Be8 f6 43. Rd8+ Ke7 44. Ra8 Kd6 45. Ra7 Rb4 46.
Bh5 Rxe4+ 47. Kd2 Re7 48. Rxe7 Kxe7 49. Kc3 Kd6 50. Bd1 Ke5 51. Kc4 Na4 52.
Kxb3 Nc5+ 53. Kc4 Na4 54. Bxa4 1-0

[Event "Memorial Alfeo Gigli A"]
[Site "Pianoro ITA"]
[Date "2011.11.27"]
[Round "4"]
[White "Semeria, Marco"]
[Black "Voiska, Margarita"]
[Result "0-1"]
[WhiteElo "2048"]
[BlackElo "2328"]
[PlyCount "130"]
[EventDate "2011.11.25"]

1. e4 d6 2. d4 Nf6 3. Nc3 e5 4. Bg5 Be7 5. dxe5 dxe5 6. Qxd8+ Bxd8 7. Nf3 Nbd7
8. O-O-O c6 9. Bc4 b5 10. Bb3 Bc7 11. Rhe1 h6 12. Bh4 Nh5 13. Rd2 Nf4 14. Red1
f6 15. Bg3 Nc5 16. Bxf4 exf4 17. Nh4 g5 18. Bd5 cxd5 19. Nxd5 Bd8 20. Nxf4 Ne6
21. Nxe6 Bxe6 22. Rd6 gxh4 23. Rxe6+ Kf7 24. Rc6 Re8 25. f3 Re6 26. Rc5 Re5 27.
Rdd5 Rxd5 28. Rxd5 a6 29. Kd2 Ba5+ 30. Ke3 Rd8 31. Rf5 Ke6 32. c3 Bc7 33. Rh5
Rg8 34. Rxh4 Rxg2 35. f4 Rxb2 36. Rxh6 Bb6+ 37. Kd3 Rf2 38. e5 Rf3+ 39. Kc2
Rxf4 40. exf6 Rxf6 41. Rh4 Bc7 42. a4 bxa4 43. Rxa4 Kd5 44. Rd4+ Kc5 45. h4 a5
46. Re4 Rh6 47. Kb3 Kb5 48. Rd4 Bb6 49. Rf4 Bd8 50. Rf5+ Ka6 51. h5 Rb6+ 52.
Ka4 Rc6 53. Kb3 Bf6 54. c4 Rb6+ 55. Ka4 Rb4+ 56. Ka3 Bb2+ 57. Ka2 Bd4 58. Rf4
Rxc4 59. h6 Ra4+ 60. Kb3 Rb4+ 61. Kc2 Ba1 62. Rf7 Rh4 63. h7 a4 64. Kb1 Rh1+
65. Ka2 Bc3 0-1

[Event "Memorial Alfeo Gigli A"]
[Site "Pianoro ITA"]
[Date "2011.11.27"]
[Round "5"]
[White "Castrogiovanni, Carlo"]
[Black "Cocuzzi, Edoardo"]
[Result "1/2-1/2"]
[WhiteElo "2027"]
[BlackElo "1947"]
[PlyCount "131"]
[EventDate "2011.11.25"]

1. d4 d5 2. c4 e6 3. Nc3 Nf6 4. Bg5 c6 5. e3 Nbd7 6. cxd5 exd5 7. Bd3 Bb4 8.
Nge2 Qa5 9. O-O Ne4 10. Bxe4 Bxc3 11. Nxc3 dxe4 12. Nxe4 O-O 13. Bf4 Nb6 14.
Bc7 Qb5 15. Bxb6 axb6 16. Qd2 Be6 17. a3 h6 18. Rac1 Rfd8 19. Qc3 Ra4 20. Qd2
Ra7 21. Nc3 Qg5 22. f4 Qg6 23. Qf2 Bf5 24. Rfe1 Re8 25. Qf3 Be4 26. Nxe4 Rxe4
27. f5 Qg4 28. Qxg4 Rxg4 29. Kf2 g6 30. fxg6 Rxg6 31. Rcd1 Ra5 32. g3 h5 33. e4
Rb5 34. Re2 Rf6+ 35. Kg2 Rb3 36. Rdd2 Rff3 37. d5 Kf8 38. d6 Rbd3 39. e5 Ke8
40. Rxd3 Rxd3 41. Kh3 Rd4 42. Kg2 Rd3 43. Kh3 Rd4 44. Re3 Kd7 45. b3 b5 46. Kg2
Rd2+ 47. Kf3 Rxh2 48. Kf4 h4 49. gxh4 Rxh4+ 50. Kg5 Rh2 51. Kf4 Rf2+ 52. Rf3
Rxf3+ 53. Kxf3 c5 54. Ke3 b6 55. Kf4 Ke6 56. Ke4 c4 57. bxc4 bxc4 58. a4 c3 59.
Kd3 c2 60. Kxc2 f6 61. d7 Kxd7 62. exf6 Ke6 63. Kc3 Kxf6 64. Kc4 Ke6 65. Kb5
Kd7 66. Kxb6 1/2-1/2

[Event "Memorial Alfeo Gigli A"]
[Site "Pianoro ITA"]
[Date "2011.11.27"]
[Round "5"]
[White "Dobboletta, Alex"]
[Black "Malfagia, Andrea"]
[Result "0-1"]
[WhiteElo "1939"]
[BlackElo "2261"]
[PlyCount "42"]
[EventDate "2011.11.25"]

1. e4 d6 2. d4 Nf6 3. Nc3 e5 4. dxe5 dxe5 5. Qxd8+ Kxd8 6. Bg5 c6 7. O-O-O+ Ke8
8. Nf3 Nbd7 9. Bh4 Bb4 10. Bc4 b5 11. Bb3 Ba5 12. Ne2 Nxe4 13. Ng3 Nxg3 14.
Bxg3 f6 15. Rd6 Nc5 16. Rxc6 Nxb3+ 17. axb3 Bd7 18. Rd6 Ke7 19. Rhd1 Be6 20.
Ng1 Rhc8 21. R6d3 Bf5 0-1

[Event "Memorial Alfeo Gigli A"]
[Site "Pianoro ITA"]
[Date "2011.11.27"]
[Round "5"]
[White "Fagnani, Alessandro"]
[Black "Semeria, Marco"]
[Result "1-0"]
[WhiteElo "1950"]
[BlackElo "2048"]
[PlyCount "41"]
[EventDate "2011.11.25"]

1. e4 d5 2. exd5 Nf6 3. Bb5+ c6 4. dxc6 bxc6 5. Be2 e5 6. d3 Bd6 7. Nc3 O-O 8.
Bg5 Qb6 9. Bxf6 gxf6 10. Rb1 f5 11. Nf3 Nd7 12. Qd2 f6 13. Qh6 Rf7 14. d4 Bf8
15. Qh5 Ba6 16. dxe5 fxe5 17. O-O Bxe2 18. Nxe2 c5 19. Ng5 Rg7 20. Qf3 Re8 21.
Qd5+ 1-0

[Event "Memorial Alfeo Gigli A"]
[Site "Pianoro ITA"]
[Date "2011.11.27"]
[Round "5"]
[White "Frigieri, Fabrizio"]
[Black "Messina, Marco"]
[Result "1-0"]
[WhiteElo "2129"]
[BlackElo "2052"]
[PlyCount "121"]
[EventDate "2011.11.25"]

1. e4 d5 2. exd5 Nf6 3. d4 Nxd5 4. Nf3 g6 5. c4 Nb6 6. Nc3 Bg7 7. c5 Nd5 8. Bc4
c6 9. Qb3 e6 10. O-O O-O 11. Re1 Nd7 12. Bg5 Bf6 13. Bh6 Bg7 14. Bxg7 Kxg7 15.
Ne4 b6 16. cxb6 axb6 17. Rac1 Rb8 18. Bf1 Bb7 19. h4 h5 20. Neg5 Kg8 21. Qc2
Qf6 22. Re4 c5 23. Qd2 cxd4 24. Rxd4 Rfd8 25. Re1 Rbc8 26. Ne4 Qe7 27. Qh6 N5f6
28. Nd6 Rc7 29. Nxb7 Rxb7 30. Red1 Rbb8 31. Bc4 Nf8 32. Qd2 Rxd4 33. Qxd4 Ng4
34. Qd6 Qa7 35. Bb5 Rc8 36. a4 Rc2 37. Qb4 Qc7 38. Rf1 e5 39. Bd3 Rc5 40. g3
Nd7 41. Qe4 Ndf6 42. Qa8+ Kg7 43. Ng5 Rc1 44. b3 Rxf1+ 45. Bxf1 Qc2 46. Qf3 e4
47. Qe2 Qxb3 48. Qc4 Qxc4 49. Bxc4 Ne5 50. Bb5 Kf8 51. Kf1 Ke7 52. Ke2 Kd6 53.
Ba6 Kc5 54. Bb7 Kb4 55. Nxe4 Nxe4 56. Bxe4 Kxa4 57. f4 Ng4 58. Bc6+ Kb4 59. Be8
f5 60. Bxg6 b5 61. Bxh5 1-0

[Event "Memorial Alfeo Gigli A"]
[Site "Pianoro ITA"]
[Date "2011.11.27"]
[Round "5"]
[White "Gilevych, Artem"]
[Black "Mascellani, Marco"]
[Result "1-0"]
[WhiteElo "2270"]
[BlackElo "2297"]
[PlyCount "67"]
[EventDate "2011.11.25"]

1. d4 Nf6 2. Nf3 d5 3. c4 c6 4. Nc3 g6 5. Bg5 Bg7 6. e3 O-O 7. h3 Ne4 8. Nxe4
dxe4 9. Nd2 c5 10. Nb3 cxd4 11. exd4 a5 12. a4 Nc6 13. d5 Nb4 14. Qd2 h6 15.
Be3 e6 16. d6 Bd7 17. Be2 Kh7 18. O-O e5 19. Bc5 Bc6 20. Rfd1 Na6 21. Ba3 Bxa4
22. Nxa5 Bxd1 23. Rxd1 b6 24. Nc6 Qd7 25. Qd5 Rfe8 26. Ne7 Rf8 27. Qxe4 f5 28.
Qe3 Rfb8 29. g4 Bf6 30. gxf5 gxf5 31. Nxf5 Rg8+ 32. Kh2 Rg5 33. Ng3 Qg7 34.
Qe4+ 1-0

[Event "Memorial Alfeo Gigli A"]
[Site "Pianoro ITA"]
[Date "2011.11.27"]
[Round "5"]
[White "Llanes Hurtado, Miguel"]
[Black "Mrdja, Milan"]
[Result "1/2-1/2"]
[WhiteElo "2476"]
[BlackElo "2407"]
[PlyCount "37"]
[EventDate "2011.11.25"]

1. d4 Nf6 2. Nf3 e6 3. c4 Bb4+ 4. Bd2 a5 5. g3 O-O 6. Bg2 d5 7. O-O dxc4 8. Qc2
Nc6 9. Qxc4 Qd5 10. Qxd5 exd5 11. Bf4 Bg4 12. e3 Rfc8 13. a3 Be7 14. Bg5 Bxf3
15. Bxf3 Ne8 16. Bxe7 Nxe7 17. Nc3 c6 18. Na4 Rd8 19. b3 1/2-1/2

[Event "Memorial Alfeo Gigli A"]
[Site "Pianoro ITA"]
[Date "2011.11.27"]
[Round "5"]
[White "Maurizio, Antonio"]
[Black "Mandolini, Riccardo"]
[Result "1-0"]
[WhiteElo "2018"]
[BlackElo "2101"]
[PlyCount "63"]
[EventDate "2011.11.25"]

1. d4 d5 2. Nf3 Nf6 3. e3 a6 4. Bd3 g6 5. c3 Bf5 6. Bxf5 gxf5 7. Qb3 b5 8. a4
c6 9. axb5 cxb5 10. Qc2 e6 11. Nbd2 Nbd7 12. b3 a5 13. c4 Qc8 14. c5 Ra6 15.
Qd3 Qc6 16. O-O Be7 17. Bb2 O-O 18. Ra2 Rfa8 19. Rfa1 Bd8 20. Ne1 Bc7 21. Nc2
Ne8 22. Nb1 Ng7 23. Nc3 e5 24. Qxb5 Qe6 25. Nb4 axb4 26. Rxa6 Rb8 27. Rxe6 bxc3
28. Rb6 Bxb6 29. cxb6 cxb2 30. Rb1 Rc8 31. Qf1 Rc2 32. Qd1 1-0

[Event "Memorial Alfeo Gigli A"]
[Site "Pianoro ITA"]
[Date "2011.11.27"]
[Round "5"]
[White "Otte, Marijn Willem"]
[Black "Bonade', Massimo"]
[Result "1/2-1/2"]
[WhiteElo "2236"]
[BlackElo "2074"]
[PlyCount "54"]
[EventDate "2011.11.25"]

1. e4 c5 2. Nf3 d6 3. d4 cxd4 4. Nxd4 Nf6 5. Nc3 a6 6. Bg5 e6 7. f4 Be7 8. Qf3
Qc7 9. O-O-O Nbd7 10. g4 b5 11. Bxf6 Bxf6 12. g5 Bxd4 13. Rxd4 Bb7 14. Bg2 Rc8
15. Rd2 O-O 16. a3 Nb6 17. Bf1 d5 18. Bd3 d4 19. Ne2 Rfd8 20. Kb1 Qc5 21. Rc1
b4 22. axb4 Qxb4 23. c3 dxc3 24. Rxc3 Rxc3 25. Nxc3 Na4 26. Rc2 Nc5 27. Rd2 Na4
1/2-1/2

[Event "Memorial Alfeo Gigli A"]
[Site "Pianoro ITA"]
[Date "2011.11.27"]
[Round "5"]
[White "Paoli, Walter"]
[Black "Baldazzi, Stefano"]
[Result "1/2-1/2"]
[WhiteElo "2055"]
[BlackElo "2173"]
[PlyCount "90"]
[EventDate "2011.11.25"]

1. e4 c5 2. c3 d5 3. exd5 Qxd5 4. d4 Nf6 5. Nf3 e6 6. Be2 Be7 7. O-O O-O 8. Be3
Nc6 9. dxc5 Qxd1 10. Rxd1 Ng4 11. Bf4 Bxc5 12. Bg3 Nf6 13. Nbd2 Nd5 14. Ne4 Be7
15. Nd6 Rd8 16. Nc4 f6 17. Ne3 Nxe3 18. fxe3 e5 19. Rxd8+ Nxd8 20. Nd2 Be6 21.
Nb3 Nc6 22. Rd1 Rd8 23. Rxd8+ Nxd8 24. Kf1 Kf7 25. Bd3 g6 26. e4 b6 27. Nc1 Nb7
28. Bc2 Ke8 29. b3 Bd7 30. Nd3 Bc6 31. Nf2 Bc5 32. Ng4 Kf7 33. Bf2 h5 34. Bxc5
Nxc5 35. Nf2 Ke6 36. Ke2 f5 37. exf5+ gxf5 38. g3 e4 39. Ke3 Ke5 40. Nh3 Nd7
41. Nf4 Nf6 42. Bd1 Be8 43. Be2 Bf7 44. Bd1 b5 45. h3 a6 1/2-1/2

[Event "Memorial Alfeo Gigli A"]
[Site "Pianoro ITA"]
[Date "2011.11.27"]
[Round "5"]
[White "Voiska, Margarita"]
[Black "Martinez, Rolly"]
[Result "1-0"]
[WhiteElo "2328"]
[BlackElo "2420"]
[PlyCount "99"]
[EventDate "2011.11.25"]

1. d4 Nf6 2. Nf3 e6 3. e3 b6 4. Bd3 Bb7 5. O-O c5 6. c4 Be7 7. Nc3 cxd4 8. exd4
d6 9. d5 e5 10. Re1 O-O 11. b3 Nbd7 12. a4 Nc5 13. Bc2 a5 14. Ng5 g6 15. Nf3
Nh5 16. Bh6 Ng7 17. Qd2 Bc8 18. h3 f5 19. Rab1 Bd7 20. Bg5 f4 21. Bxe7 Qxe7 22.
b4 axb4 23. Rxb4 Ra6 24. Reb1 Qd8 25. Ne4 Nf5 26. Nxc5 bxc5 27. Rb7 Bc8 28. Rb8
Nd4 29. Nxd4 cxd4 30. Bd1 Qg5 31. Kh2 Kg7 32. R8b6 Kh6 33. Rxa6 Bxa6 34. Rb6
Bxc4 35. Rxd6 Rb8 36. a5 Bf1 37. Bf3 Qf5 38. a6 e4 39. Bg4 Qf8 40. Re6 e3 41.
Qxd4 Rb4 42. Qe5 exf2 43. h4 Bd3 44. Qg5+ Kg7 45. Re7+ Qf7 46. Qe5+ Kf8 47.
Rxf7+ Kxf7 48. Be6+ Ke8 49. Bf5+ Kf7 50. Bxd3 1-0